| 000 | 00986cam a2200205 4500 | ||
|---|---|---|---|
| 001 | ABS61187 | ||
| 008 | 000000n1999 000 0 eng u | ||
| 035 | _a(Sirsi) u101779 | ||
| 100 | _aPenton, J. | ||
| 245 | _aM is for modifications. | ||
| 260 | _c1999 | ||
| 490 |
_aArchitects' Journal _v210(9) 9 September 1999, 47(1) |
||
| 520 | _aGives an overview of the new Part M of the Building Regulations, Access and facilities for disabled people, which comes into force on 25 October 1999. The Disability Discrimination Act s19 also comes into force in October 1999, imposing a duty to ensure rights of access for disabled people on all 'providers of goods, facilities, services and premises'. | ||
| 650 | _aMANAGEMENT-BUSINESS MANAGEMENT-DISCRIMINATION-DISABILITY DISCRIMINATION-ACCESSIBILITY | ||
| 650 |
_aBUILDING REGULATIONS _96224 |
||
| 650 | _aDISABILITY DISCRIMINATION ACT | ||
| 650 | _aAPPROVED DOCUMENTS | ||
| 690 | _aBUILDING AND CONSTRUCTION-REGULATIONS | ||
| 942 | _n0 | ||
| 999 |
_c60892 _d60892 |
||